<?xml version="1.0" encoding="UTF-8"?>
<marc:record xmlns:marc="http://www.loc.gov/MARC21/slim">
   <marc:leader>00000nam a2200000 a 4500</marc:leader>
   <marc:datafield ind1="1" ind2=" " tag="100">
      <marc:subfield code="a">Meiler, Oliver</marc:subfield>
      <marc:subfield code="4">aut</marc:subfield>
      <marc:subfield code="e">Verfasser/-in</marc:subfield>
   </marc:datafield>
   <marc:datafield ind1="0" ind2="0" tag="245">
      <marc:subfield code="a">Agromafia</marc:subfield>
   </marc:datafield>
   <marc:datafield ind1="0" ind2="0" tag="245">
      <marc:subfield code="b">Wie Ndrangheta &amp; Co. die italienische Lebensmittelproduktion beherrschen - und was auf unsere Teller kommt</marc:subfield>
   </marc:datafield>
   <marc:datafield ind1="0" ind2="0" tag="245">
      <marc:subfield code="c">Oliver Meiler</marc:subfield>
   </marc:datafield>
   <marc:datafield ind1=" " ind2="1" tag="264">
      <marc:subfield code="a">München</marc:subfield>
      <marc:subfield code="b">dtv</marc:subfield>
      <marc:subfield code="c">2021</marc:subfield>
   </marc:datafield>
   <marc:datafield ind1="1" ind2=" " tag="520">
      <marc:subfield code="a">Angaben aus der Verlagsmeldung

Agromafia : Wie Ndrangheta &amp; Co. die italienische Lebensmittelproduktion beherrschen - und was auf unsere Teller kommt Meiler,Agromafia / von Oliver Meiler

Der größte Exportschlager Italiens ist seine Küche. Der Anteil der Mafia an diesem Geschäft: 25 Milliarden Euro jährlich. Sie kontrolliert nicht selten gesamte Lieferketten, vom Anbau bis zum Endprodukt. Und durch die Coronakrise hat sich ihr Einfluss noch vergrößert. Die Leidtragenden sind die Bauern und Händler – aber auch die Käufer italienischer Lebensmittel: wir.

Oliver Meiler hat mit Richtern der nationalen Anti-Mafia-Behörde und von der Mafia bedrohten Journalisten und Herstellern vor Ort gesprochen. Er nimmt uns mit auf eine Reise durch die Essenslandschaften Italiens, zeichnet die Wege von Olivenöl, Mozzarella und Co. bis zu uns nach und deckt die mafiösen Strukturen dahinter auf.

Atmosphärisch, fesselnd, erschütternd!

</marc:subfield>
   </marc:datafield>
   <marc:datafield ind1=" " ind2=" " tag="020">
      <marc:subfield code="a">9783423282482</marc:subfield>
      <marc:subfield code="9">9783423282482</marc:subfield>
   </marc:datafield>
   <marc:datafield ind1=" " ind2=" " tag="020">
      <marc:subfield code="a">3423282487</marc:subfield>
      <marc:subfield code="9">3423282487</marc:subfield>
   </marc:datafield>
   <marc:datafield ind1=" " ind2=" " tag="300">
      <marc:subfield code="a">352 Seiten</marc:subfield>
   </marc:datafield>
</marc:record>
